| 000 | 00802nam a22001577a 4500 | ||
|---|---|---|---|
| 999 |
_c63769 _d63769 |
||
| 003 | Ge_BSU | ||
| 005 | 20260112144844.0 | ||
| 008 | 260112s1975 ge ||||| |||| 00| 0 geo d | ||
| 041 | _ageo | ||
| 080 | _a330.1 ს-74 | ||
| 245 |
_aსოციალიზმის ზოგიერთი აქტუალური ეკონომიური პრობლემა : _b[სტატიების კრებული] / _c საქ. სსრ უმაღლ. და საშ.-სპეც. განათლ. სამინისტრო. |
||
| 264 |
_aთბ. : _bთბილ. უნ-ტის გამ-ბა, _c1975. |
||
| 300 |
_a148გვ. ; _b21სმ. |
||
| 653 | _aსოციალისტური წარმოების წესი | ||
| 942 |
_2udc _cᲬᲘᲒᲜᲘ |
||